| 000 | 00659nam a2200181 u 4500 | ||
|---|---|---|---|
| 001 | 000020335 | ||
| 005 | 20200929170354.0 | ||
| 008 | 100813s1970 xx 000 0 eng d | ||
| 040 |
_aDO-SdBNP _bspa _cBNPHU |
||
| 041 | 1 | 7 | _aeng |
| 082 |
_a335.438 _bxxxx |
||
| 100 | 1 |
_aLenin, Vladimir Il'ich _d1870-1924. _934524 |
|
| 245 | 1 | 0 |
_aLenin on the United States / _cselected from the writings of V. I. Lenin. |
| 260 |
_aNew York : _bInternational Publishers, _c1970. |
||
| 300 |
_axxii, 674 p. ; : _b22 cm. |
||
| 500 | _aIncluye datos biográficos del autor en la solapa de la cubierta | ||
| 504 | _aIncluye referencias bibliográficas y notas al pie de las páginas | ||
| 999 |
_c19839 _d19839 |
||